Optimal Stockpiling Policies for Resource - Dependent Economies

Guardado en:
Detalles Bibliográficos
Autor principal: Behrens, Axel
Formato: Libro
Lenguaje:inglés
Publicado: Kiel Institut für Weltwirtschaft 1990
Colección:Kiel Working Paper No.437
Etiquetas: Agregar Etiqueta
Sin Etiquetas, Sea el primero en etiquetar este registro!

MARC

LEADER 00000nam a2200000 4500
001 c022011
005 20250521093030.2
041 0 |a eng 
044 |a DE 
245 1 0 |a Optimal Stockpiling Policies for Resource - Dependent Economies  |c Axel Behrens 
264 1 |a Kiel  |b Institut für Weltwirtschaft  |c 1990 
300 |a 19 s. 
490 1 |a Kiel Working Paper  |v No.437 
830 0 |a Kiel Working Paper  |v No.437 
100 1 |a Behrens, Axel